01922nam a2200277 4500001000400000003000400004005001700008008004100025020001800066040000800084041001300092082001500105240002400120245008500144260003900229300001100268520123200279650002501511650002001536650001501556650001301571650002201584650001001606655001201616655001601628409OSt20250528074019.0250516b |||||||g |||| 00| 1 eng d a9788580575071 bpor hengapor a813bH311c aSure Signs of Crazy aClaros Sinais de Loucura /cHarrington Karen ; Tradução de Edmundo Barreiros aRio de JaneirobIntrínsecac2014 a256 p. aVocê nunca conheceu ninguém como Sarah Nelson. Enquanto a maioria dos amigos adora Harry Potter, ela passa o tempo escrevendo cartas para Atticus Finch, o advogado de O sol é para todos. Coleciona palavras-problema em um diário, tem uma planta como melhor amiga e vive tentando achar em si mesma sinais de que está ficando louca. Não é à toa: a mãe tentou afogá-la e ao irmão quando eles tinham apenas dois anos, e desde então mora em uma instituição psiquiátrica. O pai, professor, tornou-se alcoólatra. Fugindo da notoriedade do crime, ele e Sarah já se mudaram de diversas cidades, e a menina jamais se sentiu em casa em nenhuma delas. Com a chegada do verão em que completa doze anos, ela está cada vez mais apreensiva. Sente falta de um pai mais presente e das experiências que não viveu com a mãe, já se acha grande demais para passar as férias na casa dos avós, está preocupada com a árvore genealógica que fará na escola e ansiosa pelo primeiro beijo de língua que ainda não aconteceu. Mas a vida não pode ser só de preocupações, e, entre uma descoberta e outra, Sarah vai perceber que seu verão tem tudo para ser muito mais. Bem como seu futuro.  0aLiteratura Americana 0aEspiritualidade 0aFilosofia  0aAnimais  0aAuto Conhecimento 0aFilme 0aRomance 0aFicção